Una bruja horriblemente guapa / (Registro nro. 150123)

Detalles MARC
000 -CABECERA
campo de control de longitud fija 00666nam a2200205 u 4500
005 - FECHA Y HORA DE LA ÚLTIMA TRANSACCIÓN
campo de control 20220526063415.0
008 - ELEMENTOS DE LONGITUD FIJA--INFORMACIÓN GENERAL
campo de control de longitud fija 101005s2004 es r 000 0 spa d
020 ## - NÚMERO INTERNACIONAL NORMALIZADO PARA LIBROS
Número Internacional Estándar del Libro 842634836X
035 ## - NÚMERO DE CONTROL DEL SISTEMA
Número de control de sistema UPN01000178020
049 ## - COLECCIÓN
Colección I
050 #4 - SIGNATURA TOPOGRÁFICA DE LA BIBLIOTECA DEL CONGRESO
Número de clasificación PZ14
Número de documento/Ítem M5.2
100 1# - ASIENTO PRINCIPAL--NOMBRE PERSONAL
Nombre de persona Miraucourt, Christophe
9 (RLIN) 31111
245 14 - MENCIÓN DE TÍTULO
Título Una bruja horriblemente guapa /
Mención de responsabilidad, etc. Christophe Miraucourt ; tr. P. Rozarena ; il. de Elisabeth Schlossberg.
260 ## - PUBLICACIÓN, DISTRIBUCIÓN, ETC.
Lugar de publicación, distribución, etc. Zaragoza, Esp. :
Nombre del editor, distribuidor, etc. Edelvives,
Fecha de publicación, distribución, etc. 2004.
300 ## - DESCRIPCIÓN FÍSICA
Extensión 47 p. :
Otras características físicas il. col.
440 #0 - MENCIÓN DE SERIE/ASIENTO SECUNDARIO--TÍTULO
Título Ala Delta.
Nombre de parte o sección de la obra Roja ;
Designación de volumen o secuencia 8
534 ## - NOTA SOBRE LA VERSIÓN ORIGINAL
Frase introductoria Título original :
Mención de título del original Trop belle sorciere!
650 #0 - ASIENTO SECUNDARIO DE MATERIA - TERMINO TEMATICO
Término de materia o nombre geográfico como elemento de entrada Cuentos infantiles franceses
9 (RLIN) 8588
905 ## - TIPO DE MATERIAL
Tipo de material Infantil
Existencias
Estado de retiro Estado de pérdida Fuente del sistema de clasificación o colocación Estado dañado No para préstamo Código de colección Localización permanente Ubicación/localización actual Ubicación en estantería Fecha de adquisición Total de préstamos Clasificación Código de barras Fecha visto por última vez Fecha del último préstamo Número de copia Tipo de ítem Koha
    Library of Congress Classification     Infantil Bib. Gregorio Torres Quintero Bib. Gregorio Torres Quintero Sala infantil Planta baja 10/05/2023 4 PZ14 M5.2 257345 25/03/2025 06/03/2025 1 Libro
    Library of Congress Classification     Infantil Bib. Gregorio Torres Quintero Bib. Gregorio Torres Quintero Sala infantil Planta baja 10/05/2023 9 PZ14 M5.2 274761 31/12/2020   1 Libro